Analyse génétique de la monoecie et de la dioedie zygotiques et de leur différence dans ecballium elaterium / (Record no. 150788)

MARC details
000 -LEADER
campo de control de longitud fija 00574ntm a2200181 i 4500
001 - NÚMERO DE CONTROL
campo de control 150788
003 - IDENTIFICADOR DE NÚMERO DE CONTROL
campo de control ES-MaACL
005 - FECHA Y HORA DE LA ÚLTIMA TRANSACCIÓN
campo de control 20230906203710.0
007 - CAMPO FIJO DE DESCRIPCIÓN FÍSICA--INFORMACIÓN GENERAL
campo de control de longitud fija t|
008 - DATOS DE LONGITUD FIJA--INFORMACIÓN GENERAL
campo de control de longitud fija 071112q1948 sp |||| | fre d
100 1# - ENTRADA PRINCIPAL--NOMBRE DE PERSONA
Nombre de persona Galán, Fernando.
9 (RLIN) 53290
245 10 - MENCIÓN DEL TÍTULO
Título Analyse génétique de la monoecie et de la dioedie zygotiques et de leur différence dans ecballium elaterium /
Mención de responsabilidad, etc. par F. Galán.
260 ## - PUBLICACIÓN, DISTRIBUCIÓN, ETC.
Lugar de publicación, distribución, etc. [S.l. :
Nombre del editor, distribuidor, etc. s.n.,
Fecha de publicación, distribución, etc. ca. 1948]
300 ## - DESCRIPCIÓN FÍSICA
Extensión 7 h. ;
Dimensiones 32 cm.
500 ## - NOTA GENERAL
Nota general Ejemplar mecanografiado.
650 04 - PUNTO DE ACCESO ADICIONAL DE MATERIA--TÉRMINO DE MATERIA
Término de materia o nombre geográfico como elemento de entrada Genética animal.
9 (RLIN) 13058
852 ## - LOCALIZACIÓN
Ubicación ES-MaACL
Número de control de estantería 1700-F-3
Holdings
Estatus retirado Estado de pérdida Estado de daño No para préstamo Colección Biblioteca de origen Biblioteca actual Ubicación en estantería Fecha de adquisición Fuente de adquisición Total de préstamos Signatura topográfica completa Código de barras Visto por última vez Precio de reemplazo Tipo de ítem Koha
        Colección de folletos Biblioteca del Ateneo de Madrid Biblioteca del Ateneo de Madrid Depósito folletos 17/01/2008     1700-F-3 1157338 23/02/2023 23/02/2023 Folleto